Engineering Circuit Analysis (Record no. 595320)

000 -LEADER
fixed length control field 00447nam a22001457a 4500
020 ## - INTERNATIONAL STANDARD BOOK NUMBER
International Standard Book Number 9781259098635
082 ## - DEWEY DECIMAL CLASSIFICATION NUMBER
Classification number 621.3192
Author Mark HAY
100 ## - MAIN ENTRY--PERSONAL NAME
Personal name Hayt, William H. Jack E. Kemmerly, Steven M. Durbin
245 ## - TITLE STATEMENT
Title Engineering Circuit Analysis
Statement of responsibility, etc. William H. Hayt, Jack E. Kemmerly, Steven M. Durbin
250 ## - EDITION STATEMENT
Edition statement 8th, Indian Edition
260 ## - PUBLICATION, DISTRIBUTION, ETC.
Place of publication, distribution, etc. New Delhi
Name of publisher, distributor, etc. McGraw-Hill Education
Date of publication, distribution, etc. 2013
300 ## - PHYSICAL DESCRIPTION
Extent 852p
563 ## - BINDING INFORMATION
Binding note PB
942 ## - ADDED ENTRY ELEMENTS (KOHA)
Source of classification or shelving scheme
Koha item type Book
Holdings
Withdrawn status Lost status Source of classification or shelving scheme Materials specified (bound volume or other part) Damaged status Not for loan Permanent Location Current Location Date acquired Total Checkouts Total Renewals Full call number Barcode Checked out Date last seen Date last checked out Price effective from Koha item type
      2023-04-17     Central Library (CL) Central Library (CL) 07/20/2023 2 7 621.3192 HAY SEECSD01162 01/10/2026 09/09/2025 09/09/2025 07/20/2023 Book
            Central Library (CL) Central Library (CL) 03/18/2024     621.3192 HAY QRCODE-D1162   03/18/2024   03/18/2024 Book
© 2023 Central Library, National University of Sciences and Technology. All Rights Reserved.